Normal view
MARC view
Entry Topical Term
001 - CONTROL NUMBER
- control field: 18001
003 - CONTROL NUMBER IDENTIFIER
- control field: AUA.1
005 - DATE AND TIME OF LATEST TRANSACTION
- control field: 20111220101305.0
008 - FIXED-LENGTH DATA ELEMENTS
- fixed length control field: 111220|||a|||||| | ||| d
040 ## - CATALOGING SOURCE
- Original cataloging agency: AUA.1
- Transcribing agency: AUA.1
150 ## - HEADING--TOPICAL TERM
- Topical term or geographic name as entry element: Word Biblical commentary:
- Form subdivision: Song of songs/ Lamentations/
- General subdivision: Bible/
- Chronological subdivision: Commentaries/
670 ## - SOURCE DATA FOUND
- Source citation: Work cat.: (AUA.1): Garrett, Duane 18000, Word Biblical commentary: